1922 1338 1641 1992 1948 1101 1503 1118 1310 1517 1451 1311 1412 1932 1303 1901 1519 1923 1553 1790 1282 1167 1071 1429 1712 1584 1326 1960 1060 1445 1214 1588 1585 1894 1424 1639 1574 1492 1093 1026 1867 1968 1506 1931 1819 1930 1722 1768 1028 1444 1344 1159 1891 1563 1571 1789 1199 1631 1683 1272 1938 1536 1720 1965 1965 1200 1492 1226 1010 1366 1377 1020 1911 1282 1212 1095 1756 1809 1936 1223 1183 1207 1784 1058 1222 1376 1579 1177 1046 1083 1013 1409 1811 1246 1992 1646 1894 1850 1287 BCNSPRNW ULIB Ver.6.0+V

เปลี่ยนเป็นภาษาไทย

Change to English
 แสดงรายละเอียดบรรณานุกรม
  กลับหน้าหลัก

Brief Record : Get Marc (ISO 2709) : E-mail record : QR code < ปิดหน้าต่าง
LEADER : 00000nam 2200000uu 4500
001    13399112605
003     ULIB
008    110211s2545||||th 000 0 tha d
020    9747227339
060 04 WY157^bว728ก
100 0  วิไลพรรณ สวัสดิ์พาณิชย์
245 10 การพยาบาลมารดาหลังคลอด /^cวิไลพรรณ สวัสดิ์พาณิชย์
250    พิมพ์ครั้งที่ 2
260    ชลบุรี :^bภาควิชาการพยาบาลแม่และเด็ก คณะพยาบาลศาสตร์มหาวิทยาลัยบูรพา,^c2545
300    123 หน้า :^bภาพประกอบ :^c27 ซม.
650  7 การพยาบาลสูติศาสตร์
650  7 ระยะหลังคลอด^xการพยาบาล
710 2  มหาวิทยาลัยบูรพา . ^bคณะพยาบาลศาสตร์.^bภาควิชาการพยาบาลแม่และเด็ก
945    ^p0^l0^i015363
945    ^p0^l0^i015364
945    ^p0^l0^i015365
995    ทศพร
999 ^a ใช้งานได้ทุกระบบ
รายการนี้ยังไม่มีแท็ก
คุณยังไม่ได้ล็อกอิน คุณสามารถมีกิจกรรมร่วมกับเว็บไซต์ได้ แต่ต้องล็อกอินก่อน ::
  ล็อกอิน

รายการสื่อสารสนเทศ

ลำดับที่ ประเภท เลขเรียก/บาร์โค้ด สถานที่ สถานะ
- ไม่พบข้อมูล -

รายการใกล้เคียง
    ผู้แต่ง [วิไลพรรณ สวัสดิ์พาณิชย์]

    หัวเรื่อง [การพยาบาลสูติศาสตร์]

BibComment


ยังไม่เคยถูกคอมเมนท์

คอมเมนท์ทรัพยากรรายการนี้
  คอมเมนท์: การพยาบาลมารดาหลั..


 Copyright 2026. Bcnsprnw @Library